US States but it's Hard to Read - Statistics

General Stats
  • This quiz has been taken 29 times
  • The average score is 33 of 50
Answers on the Map
Answers color-coded by a green-red scale on the quiz's map according to % correct below.
 
Answer Stats
Answer % Correct
Florida
81%
Utah
81%
Alabama
73%
Arkansas
73%
Georgia
73%
Iowa
73%
Kansas
73%
Massachusetts
73%
Michigan
73%
Missouri
73%
Rhode Island
73%
South Dakota
73%
Texas
73%
Vermont
73%
Alaska
69%
Arizona
69%
California
69%
Kentucky
69%
Louisiana
69%
Minnesota
69%
New Hampshire
69%
North Dakota
69%
Ohio
69%
Oregon
69%
Tennessee
69%
West Virginia
69%
Connecticut
65%
Illinois
65%
Maryland
65%
Mississippi
65%
Nebraska
65%
Nevada
65%
Pennsylvania
65%
Washington
65%
Wisconsin
65%
Wyoming
65%
New Jersey
62%
Oklahoma
62%
Virginia
62%
Colorado
58%
Delaware
58%
Idaho
58%
Indiana
58%
Maine
58%
New Mexico
58%
New York
58%
North Carolina
58%
Montana
54%
South Carolina
54%
Hawaii
46%
No matching quizzes found
Score Distribution
Percent of People with Each Score
Percentile by Number Answered
Your Score History
You have not taken this quiz